Score 0/25 Timer 10:00
0 Plays Today
% Correct
Ghostbusters
97.7%
Pirates of the Caribbean: Dead Man's Chest
90.6%
The Nightmare Before Christmas
87.1%
Frozen
83.2%
Ratatouille
78.6%
Star Wars: Episode III - Revenge of the Sith
78.4%
Terminator 2: Judgment Day
77.1%
Back to the Future
72.5%
The Birds
71.8%
Thor: The Dark World
69%
The Hunger Games: Mockingjay - Part 1
67.6%
Mission: Impossible III
66.9%
Indiana Jones and the Temple of Doom
66.2%
% Correct
The Dark Knight Rises
64.8%
Now You See Me
61.6%
Lawrence of Arabia
58.4%
We're the Millers
57.5%
X-Men: The Last Stand
57.5%
The Hateful Eight
55.4%
Snow White and the Huntsman
53.9%
The Crow
36.6%
Argo
35.5%
Gremlins 2: The New Batch
27.5%
The Cabin in the Woods
22.1%
Total Recall
15%
Remove Ads.
Support Sporcle.
Get the best of Sporcle when you Go Orange. This ad-free experience offers more features, more stats, and more fun while also helping to support Sporcle. Thank you for becoming a member.

You're not logged in!

Compare scores with friends on all Sporcle quizzes.
OR
Log In

Sporcle TV

Today on Sporcle TV


Watch our educational content, quiz creation guides, and fun videos on Sporcle TV.

Show Comments

Extras

Top Quizzes Today


Score Distribution

Paid Content

Your Account Isn't Verified!

In order to create a playlist on Sporcle, you need to verify the email address you used during registration. Go to your Sporcle Settings to finish the process.

Report this User

Report this user for behavior that violates our Community Guidelines.

Details: